| 000 | 00820nam a22001817a 4500 | ||
|---|---|---|---|
| 999 |
_c64148 _d64148 |
||
| 005 | 20240530110717.0 | ||
| 008 | 180303s ua a f 000 0 eng d | ||
| 017 | _bمصر. دار الكتب | ||
| 040 |
_aEG-CaGPL _cEG-CaGPL |
||
| 082 | 0 | 4 |
_221 _a704.9481\ _bم ر |
| 245 | 0 | 0 |
_aروائع تحف الفن الاسلامى : _bفى متحف المتروبوليتان للفنون / _cتحرير مريم د. اختيار ، بريسلا ب. ساوشاك ، شيلا ر. كنبى ، نافينا نجاة حيدر ؛ ترجمة عبدالودود العمرانى ، بشير بو عائشة . |
| 260 | _aالقاهرة : | ||
| 300 |
_a424 ص. : _bصور ؛ _c28 سم. |
||
| 650 | 0 | 7 |
_2qrmak _aالفنون الاسلامية |
| 650 | 0 | 7 |
_2qrmak _aالزخارف الاسلامية |
| 651 | _2qrmak | ||
| 942 |
_2ddc _cBK |
||